[Event "24th Open"]
[Site "Pula CRO"]
[Date "2010.06.22"]
[Round "4"]
[White "Kovacevic,A"]
[Black "Balazs,G2"]
[Result "1-0"]
[WhiteElo "2573"]
[BlackElo "2352"]
[EventDate "2010.06.19"]

1. e4 c5 2. Nf3 e6 3. d4 cxd4 4. Nxd4 Nc6 5. Nc3 Qc7 6. Be3 a6 7. Qd2 Nf6
8. O-O-O Bb4 9. f3 Ne7 10. Nde2 b5 11. Kb1 Ba5 12. Qd4 Nc6 13. Qc5 Rb8 14.
Qg5 Rg8 15. Bc5 Bb4 16. Bxb4 Nxb4 17. Nd4 h6 18. Qd2 Nc6 19. g4 Bb7 20. h4
Qe5 21. Nb3 g5 22. hxg5 hxg5 23. Rh6 Kf8 24. Nc1 b4 25. Na4 Kg7 26. Rh3 Kg6
27. Nd3 Qa5 28. Nac5 d6 29. f4 dxc5 30. f5+ Kg7 31. Qxg5+ Kf8 32. Qxf6 Qd8
33. Qh6+ Ke7 34. fxe6 Rg6 35. Qh4+ Kf8 36. Qf2 1-0

[Event "24th Open"]
[Site "Pula CRO"]
[Date "2010.06.22"]
[Round "4"]
[White "Orak,L"]
[Black "Kuljasevic,D"]
[Result "0-1"]
[WhiteElo "2343"]
[BlackElo "2539"]
[EventDate "2010.06.19"]

1. e4 e6 2. d4 d5 3. Nc3 Bb4 4. e5 c5 5. a3 Bxc3+ 6. bxc3 Ne7 7. Nf3 b6 8.
Bb5+ Bd7 9. Bd3 Ba4 10. h4 h6 11. h5 c4 12. Be2 Kd7 13. Bf4 Qg8 14. Qd2 Qh7
15. Rc1 Na6 16. Nh4 Nc7 17. Bd1 Nb5 18. Ra1 Raf8 19. Be3 f6 20. exf6 gxf6
21. O-O Nd6 22. Bf4 Ne4 23. Qe3 Rfg8 24. Re1 Nf5 25. Nxf5 Qxf5 26. Bf3 Bxc2
27. Rac1 Bd3 28. Bxe4 Bxe4 29. f3 Qh3 0-1

[Event "24th Open"]
[Site "Pula CRO"]
[Date "2010.06.22"]
[Round "4"]
[White "Zelcic,R"]
[Black "Fahrner,K"]
[Result "1-0"]
[WhiteElo "2538"]
[BlackElo "2302"]
[EventDate "2010.06.19"]

1. e4 g6 2. d4 Bg7 3. Nc3 d6 4. f4 a6 5. Nf3 b5 6. Bd3 Nd7 7. e5 c5 8. Be4
Rb8 9. O-O cxd4 10. Qxd4 Nh6 11. Qa7 O-O 12. Rd1 Qb6+ 13. Be3 Nc5 14. Qxb6
Rxb6 15. h3 Rb8 16. Bc6 Bb7 17. exd6 exd6 18. Bxb7 Rxb7 19. Rxd6 Na4 20.
Nxa4 bxa4 21. Rxa6 Nf5 22. Bf2 Bxb2 23. Rb1 Rc8 24. Rxa4 Rxc2 25. Ra8+ Kg7
26. g4 Ng3 27. g5 f6 28. Nd4 Ne2+ 29. Kf1 Nxd4 30. Bxd4 Kf7 31. Bxf6 Ke6
32. a4 Kf5 33. a5 Rd7 34. Bxb2 Rdd2 35. Rf8+ Ke4 36. Re8+ Kf3 37. Ba3 Rf2+
38. Ke1 Rg2 39. Rb3+ Kxf4 40. Bd6+ Kxg5 41. Rg3+ Kh4 42. Re4+ Kh5 43. Rxg2
Rxg2 44. Ra4 1-0

[Event "24th Open"]
[Site "Pula CRO"]
[Date "2010.06.22"]
[Round "4"]
[White "Hess,C1"]
[Black "Doric,D"]
[Result "1/2-1/2"]
[WhiteElo "2303"]
[BlackElo "2452"]
[EventDate "2010.06.19"]

1. c4 e6 2. g3 d5 3. Bg2 dxc4 4. Nf3 Nd7 5. Na3 Ngf6 6. Nxc4 c5 7. O-O b5
8. Nce5 Nxe5 9. Nxe5 Nd5 10. a4 b4 11. d4 Bb7 1/2-1/2

[Event "24th Open"]
[Site "Pula CRO"]
[Date "2010.06.22"]
[Round "4"]
[White "Fodor,T jr"]
[Black "Plenca,J"]
[Result "1-0"]
[WhiteElo "2420"]
[BlackElo "2286"]
[EventDate "2010.06.19"]

1. Nf3 d5 2. d4 Nf6 3. c4 c6 4. e3 e6 5. b3 Nbd7 6. Bd3 dxc4 7. bxc4 e5 8.
Nbd2 Bd6 9. O-O O-O 10. Qc2 Re8 11. Bb2 h6 12. h3 Qe7 13. Nh4 g6 14. Bxg6
Bc7 15. Bf5 e4 16. g3 Nf8 17. Kg2 N8h7 18. d5 cxd5 19. cxd5 Be5 20. Rac1
Bxf5 21. Nxf5 Qd7 22. Nxh6+ Kg7 23. Ng4 Nxg4 24. hxg4 Ng5 25. Rh1 Qxd5 26.
Nc4 Bxb2 27. Qxb2+ f6 28. Rhd1 Qe6 29. Qxb7+ Kg6 30. Rd7 Rg8 31. Rd6 Rgb8
32. Qc6 Qe7 33. Rh1 Rf8 34. Rd7 Qe6 35. Rdh7 1-0

[Event "24th Open"]
[Site "Pula CRO"]
[Date "2010.06.22"]
[Round "4"]
[White "Cop,T"]
[Black "Barle,J"]
[Result "0-1"]
[WhiteElo "2254"]
[BlackElo "2404"]
[EventDate "2010.06.19"]

1. e4 Nc6 2. Nf3 e5 3. Bc4 Bc5 4. Nc3 d6 5. d3 Nf6 6. Bg5 h6 7. Bxf6 Qxf6
8. Nd5 Qd8 9. c3 a6 10. d4 exd4 11. cxd4 Ba7 12. Rc1 O-O 13. h3 Na5 14. Bd3
c5 15. b4 cxb4 16. Nxb4 Bd7 17. O-O Nc6 18. Nxc6 Bxc6 19. Bb1 Re8 20. Re1
Rc8 21. Qd2 Qf6 22. Bc2 Rcd8 23. Rcd1 Re7 24. Nh2 Qg6 25. f3 Bd7 26. g4 Rc8
27. Bb3 Be6 28. Nf1 Bxb3 29. axb3 Qf6 30. Kg2 Rec7 31. Ne3 Rc3 32. Rf1 Rxb3
33. Nd5 Qd8 34. Rc1 Rc6 35. Kg3 Kh8 36. Rfd1 Qe8 37. Rb1 Rxb1 38. Rxb1 b5
39. h4 Rc4 40. Rb4 Rxd4 41. Rxd4 Qe5+ 42. f4 Qxd4 43. Qxd4 Bxd4 44. Kf3 a5
45. Nc7 a4 46. Nxb5 Bb2 0-1

[Event "24th Open"]
[Site "Pula CRO"]
[Date "2010.06.22"]
[Round "4"]
[White "Cvitan,O"]
[Black "Tutic,R"]
[Result "1-0"]
[WhiteElo "2521"]
[BlackElo "2195"]
[EventDate "2010.06.19"]

1. d4 Nf6 2. c4 e6 3. Nc3 Bb4 4. e3 O-O 5. Bd3 d5 6. Nf3 Nbd7 7. O-O c6 8.
a3 Bd6 9. e4 dxe4 10. Nxe4 Nxe4 11. Bxe4 h6 12. Re1 e5 13. Bc2 exd4 14.
Qxd4 Bc5 15. Qc3 Qb6 16. Re2 a5 17. Bf4 Rd8 18. Rae1 Nf8 19. h3 Ne6 20. Be5
Bd7 21. Qd3 Nf8 22. Bxg7 Kxg7 23. Qc3+ Kg8 24. Ne5 Be6 25. Qg3+ Kh8 26. Qf4
Kg7 27. Nxf7 Bxf7 28. Re7 Bxe7 29. Rxe7 Qxb2 30. Qxf7+ Kh8 31. Qf4 Qg7 32.
Rxg7 Kxg7 33. Qe5+ Kf7 34. c5 Rd7 35. Bb3+ Kg6 36. Bc2+ Kf7 37. Bb3+ Kg6
38. Qg3+ Kf6 39. h4 a4 40. Bc4 Rad8 41. Qc3+ Kg6 42. Qc2+ Kg7 43. Qxa4 Rd1+
44. Kh2 R8d4 45. Qb3 Rxh4+ 46. Kg3 Rdd4 47. Qxb7+ Kh8 48. Qf7 Rhg4+ 49. Kf3
Nd7 50. Qe8+ Kg7 51. Qe7+ Kh8 52. Bd3 Rg7 53. Qe8+ Rg8 54. Qe6 Rf8+ 55. Ke2
Nf6 56. Qxc6 Kg7 57. Qc7+ Rf7 58. Qg3+ Rg4 59. Qh3 Re7+ 60. Kf1 Ra4 61. Qf5
Kf7 62. Qg6+ Ke6 63. Qxh6 Rea7 64. Qg5 Rxa3 65. Bc4+ 1-0

[Event "24th Open"]
[Site "Pula CRO"]
[Date "2010.06.22"]
[Round "4"]
[White "Bykov,Alexe1"]
[Black "Predojevic,B"]
[Result "0-1"]
[WhiteElo "2255"]
[BlackElo "2628"]
[EventDate "2010.06.19"]

1. d4 Nf6 2. c4 g6 3. Nc3 Bg7 4. e4 O-O 5. Nf3 c6 6. Bd3 d6 7. O-O a6 8.
Rb1 Bg4 9. Be3 Nbd7 10. h3 Bxf3 11. Qxf3 c5 12. d5 e6 13. dxe6 fxe6 14. Qd1
Qe7 15. Be2 Rad8 16. Qd2 Ne5 17. Rbd1 Nc6 18. Rfe1 Ne8 19. Bf1 Bd4 20. Ne2
Bxe3 21. Qxe3 e5 22. a3 a5 23. Ng3 Nc7 24. Rd2 Ne6 25. Qh6 Ncd4 26. Qe3 Rf7
27. Ne2 Rdf8 28. Nc3 Qh4 29. Qg3 Qd8 30. Nd5 Nf4 31. Re3 Nxd5 32. cxd5 a4
33. h4 Rf4 34. h5 g5 35. Bd3 g4 36. Bc2 b5 37. Bd1 Qg5 38. h6 Kh8 39. Rdd3
Rg8 0-1

[Event "24th Open"]
[Site "Pula CRO"]
[Date "2010.06.22"]
[Round "4"]
[White "Vukelic,T"]
[Black "Jovanic,O"]
[Result "0-1"]
[WhiteElo "2229"]
[BlackElo "2530"]
[EventDate "2010.06.19"]

1. Nf3 d5 2. e3 Nf6 3. b3 Bg4 4. Bb2 Nbd7 5. Be2 c6 6. h3 Bxf3 7. Bxf3 e5
8. d3 Bb4+ 9. c3 Bd6 10. Be2 Qe7 11. a3 O-O 12. Nd2 b5 13. O-O a5 14. Qc2
Rfe8 15. Rfd1 Rab8 16. Bf3 Nc5 17. Be2 Ne6 18. Nf3 a4 19. bxa4 bxa4 20. d4
e4 21. Nd2 c5 22. Rdb1 c4 23. Qxa4 Ra8 24. Qc2 Bxa3 25. Bxa3 Rxa3 26. Rxa3
Qxa3 27. Rb7 Qa1+ 28. Rb1 Qa5 29. Rb7 g6 30. Qb2 Kg7 31. h4 Ra8 32. f3 exf3
33. Bxf3 Re8 34. Rb5 Qd8 35. Nf1 Nf8 36. Qb4 Qd7 37. Qa5 Rd8 38. Ng3 Qd6
39. Nf1 Ne6 40. Rb6 Qe7 41. Qa6 Rd7 42. Rb8 Nc7 43. Qc8 Nce8 44. Qa6 Nd6
45. Qa8 Nf5 46. h5 Nxe3 47. hxg6 fxg6 48. Nd2 Ra7 49. Qc6 Neg4 50. Nf1 Ne3
51. Qc8 Nxf1 52. Qh8+ Kh6 53. Qf8+ Qxf8 54. Rxf8 Kg7 0-1

[Event "24th Open"]
[Site "Pula CRO"]
[Date "2010.06.22"]
[Round "4"]
[White "Martinovic,Sa"]
[Black "Dulic,G"]
[Result "1-0"]
[WhiteElo "2515"]
[BlackElo "2237"]
[EventDate "2010.06.19"]

1. d4 Nf6 2. Bg5 Ne4 3. Bf4 d5 4. e3 c5 5. Bd3 cxd4 6. Bxe4 dxe4 7. exd4
Nc6 8. d5 e5 9. Bg3 Ne7 10. Nc3 Ng6 11. h4 Bb4 12. h5 Nf4 13. Bxf4 exf4 14.
Qd4 Bxc3+ 15. bxc3 O-O 16. h6 gxh6 17. Ne2 Qg5 18. g3 f3 19. Nf4 e3 20.
fxe3 Qxg3+ 21. Kd2 Bg4 22. Rag1 Qf2+ 23. Kc1 f5 24. Nd3 Qe2 25. Rxg4+ fxg4
26. Qxg4+ Kf7 27. Ne5+ Kf6 28. Rxh6+ 1-0

[Event "24th Open"]
[Site "Pula CRO"]
[Date "2010.06.22"]
[Round "4"]
[White "Andersen,L NOR"]
[Black "Fercec,N"]
[Result "0-1"]
[WhiteElo "2252"]
[BlackElo "2492"]
[EventDate "2010.06.19"]

1. d4 Nf6 2. c4 g6 3. Nc3 d5 4. cxd5 Nxd5 5. e4 Nxc3 6. bxc3 Bg7 7. Nf3 c5
8. Rb1 O-O 9. Be2 Nd7 10. O-O Nf6 11. Bd3 b6 12. d5 e6 13. c4 exd5 14. exd5
Re8 15. Bb2 Ne4 16. Qc2 Nd6 17. Rfe1 Rxe1+ 18. Rxe1 Bxb2 19. Qxb2 Bg4 20.
Re3 Bxf3 21. Rxf3 Qd7 22. Qf6 Re8 23. Re3 Rxe3 24. fxe3 Ne8 25. Qe5 f6 26.
Qb8 Kg7 27. Kf2 Nd6 28. Kf3 Nf7 29. Kf2 Qa4 30. Qc7 Qxa2+ 31. Be2 a5 32.
Qxb6 a4 33. Qxc5 a3 34. Qb4 Qb2 35. Qxb2 axb2 36. Bd3 Ne5 37. Bb1 Nxc4 38.
d6 Nxd6 0-1

[Event "24th Open"]
[Site "Pula CRO"]
[Date "2010.06.22"]
[Round "4"]
[White "Saric,A"]
[Black "Sevo,I"]
[Result "0-1"]
[WhiteElo "2489"]
[BlackElo "2238"]
[EventDate "2010.06.19"]

1. Nf3 Nf6 2. g3 g6 3. b3 d6 4. d4 c5 5. Bb2 Bg7 6. Bg2 Ne4 7. O-O O-O 8.
Nbd2 Nxd2 9. Qxd2 Nc6 10. c4 cxd4 11. Nxd4 Nxd4 12. Bxd4 Bxd4 13. Qxd4 Qc7
14. Rac1 Qc5 15. Qxc5 dxc5 16. Rfd1 Rb8 17. Rd2 Be6 18. Rcd1 a6 19. Bd5
Bxd5 20. cxd5 Rfc8 21. d6 exd6 22. Rxd6 Kf8 23. Kg2 Rc7 24. R1d2 Ke7 25.
Kf3 a5 26. Rb6 Rd8 27. Rxd8 Kxd8 28. Rb5 a4 29. bxa4 Kd7 30. Rb6 c4 31. Ke3
c3 32. Rb1 Rc4 33. Kd3 Rxa4 34. Rxb7+ Ke6 35. Kxc3 Rxa2 36. Rb2 Ra3+ 37.
Kd4 Ra4+ 38. Ke3 Ra3+ 39. Kf4 Ra4+ 40. e4 Kf6 41. Rb6+ Kg7 42. g4 Ra2 43.
Kg3 Ra3+ 44. f3 g5 45. Rb5 h6 46. Rf5 f6 47. h4 Ra2 48. hxg5 fxg5 49. Rb5
Rc2 50. Rb3 Re2 51. Rb1 Rc2 52. Re1 Kf7 53. Re3 Ke6 54. f4 gxf4+ 55. Kxf4
Rc8 56. Rh3 Rf8+ 57. Ke3 Rf6 58. Rh5 Rg6 59. Kf4 Ke7 60. e5 Ke6 0-1

[Event "24th Open"]
[Site "Pula CRO"]
[Date "2010.06.22"]
[Round "4"]
[White "Kovacevic,Bl"]
[Black "Mihalincic,T"]
[Result "1/2-1/2"]
[WhiteElo "2471"]
[BlackElo "2232"]
[EventDate "2010.06.19"]

1. d4 Nf6 2. c4 g6 3. Nc3 Bg7 4. e4 d6 5. Nf3 O-O 6. Be2 e5 7. O-O Nbd7 8.
Qc2 c6 9. d5 c5 10. g3 Kh8 11. Bg5 Qc7 12. Nh4 Ng8 13. Bd2 Ndf6 14. Rab1
Bh3 15. Ng2 Ng4 16. f3 N4h6 17. Nd1 Bd7 18. Nf2 f5 19. b4 b6 20. bxc5 bxc5
21. Qb3 Rab8 22. Qa3 Rxb1 23. Rxb1 Rb8 24. Rb3 Nf6 25. Qb2 Rxb3 26. axb3
fxe4 27. fxe4 Nhg4 28. Nxg4 Nxg4 29. Qc2 h5 30. Nh4 Kh7 31. Nf3 Qd8 32.
Ng5+ Kg8 33. h3 Nf6 34. Qa2 Qb6 35. Bf3 Bh6 36. Bg2 Nh7 37. h4 Nf6 38. Bf3
Nh7 39. Kg2 Nf6 40. Qa5 Nh7 41. Qxb6 axb6 42. Nxh7 Kxh7 43. Bg5 Bxg5 44.
hxg5 Kg7 45. Kf2 Kf7 46. Ke3 1/2-1/2

[Event "24th Open"]
[Site "Pula CRO"]
[Date "2010.06.22"]
[Round "4"]
[White "Shalnev,N"]
[Black "Wanderer,T"]
[Result "1-0"]
[WhiteElo "2450"]
[BlackElo "2216"]
[EventDate "2010.06.19"]

1. e4 c5 2. Nf3 e6 3. d4 cxd4 4. Nxd4 Bc5 5. Nb3 Bb6 6. Bd3 Ne7 7. O-O O-O
8. Qe2 f5 9. Bg5 f4 10. Qg4 f3 11. gxf3 Nbc6 12. f4 Qe8 13. N1d2 e5 14. Qg3
exf4 15. Bxf4 d5 16. exd5 Nxd5 17. Qh4 Rxf4 18. Qxh7+ Kf8 19. Qh8+ Ke7 20.
Rae1+ Be6 21. Rxe6+ Kxe6 22. Re1+ Ne5 23. Qh3+ Kd6 24. Kh1 Qh8 25. Qg2 Ng4
26. Nc4+ Rxc4 27. Bxc4 Nxf2+ 28. Kg1 Nf4 29. Re6+ Kd7 30. Qxb7+ Bc7 31.
Nc5+ 1-0

[Event "24th Open"]
[Site "Pula CRO"]
[Date "2010.06.22"]
[Round "4"]
[White "Nannelli,P"]
[Black "Hamitevici,V"]
[Result "1/2-1/2"]
[WhiteElo "2207"]
[BlackElo "2421"]
[EventDate "2010.06.19"]

1. d4 Nf6 2. c4 c5 3. d5 b5 4. cxb5 a6 5. b6 d6 6. Nc3 Nbd7 7. a4 Qxb6 8.
a5 Qb4 9. Ra4 Qb7 10. e4 g6 11. Nf3 Bg7 12. Nd2 O-O 13. Nc4 Ne8 14. Bg5 f6
15. Bd2 Nc7 16. h4 f5 17. h5 f4 18. hxg6 hxg6 19. Qg4 Ne5 20. Qh4 Nxc4 21.
Bxc4 Rf6 22. e5 Rf5 23. Qh7+ Kf8 24. e6 Bxe6 25. dxe6 Qxg2 26. Bd3 Re5+ 27.
Kd1 Nxe6 28. Be4 Rxe4 29. Rxe4 Qf3+ 30. Kc1 Ng5 31. Rxf4+ Qxf4 32. Bxf4
Nxh7 33. Rxh7 1/2-1/2

[Event "24th Open"]
[Site "Pula CRO"]
[Date "2010.06.22"]
[Round "4"]
[White "Stokke,K"]
[Black "Stocko,J"]
[Result "1-0"]
[WhiteElo "2399"]
[BlackElo "2199"]
[EventDate "2010.06.19"]

1. c4 e5 2. g3 Nf6 3. Bg2 d6 4. Nc3 c6 5. d3 g6 6. e4 Bg7 7. Nge2 Be6 8.
O-O Qd7 9. b3 O-O 10. d4 Bg4 11. f3 Be6 12. d5 cxd5 13. cxd5 Bh3 14. Be3
Bxg2 15. Kxg2 Na6 16. Qd2 Rfc8 17. Nc1 Ne8 18. Nd3 f5 19. b4 Nf6 20. b5
fxe4 21. fxe4 Nc7 22. a4 Nce8 23. h3 Rc4 24. Nf2 Rac8 25. Rfc1 a6 26. Qd3
h6 27. bxa6 bxa6 28. a5 g5 29. Ne2 Rxc1 30. Rxc1 Rxc1 31. Bxc1 Nc7 32. Nc3
Qc8 33. Qc4 Qb7 34. Ba3 Bf8 35. Qb4 Qxb4 36. Bxb4 Kf7 37. Kf3 h5 38. g4
hxg4+ 39. hxg4 Nd7 40. Nfd1 Nf6 41. Ne3 Nfe8 42. Nf5 Be7 43. Na4 Nb5 44.
Nb6 Bf8 45. Nd7 Ng7 46. Nb8 Nxf5 47. gxf5 Nc7 48. Kg4 Be7 49. Bd2 Ke8 50.
Be3 Bd8 51. Bb6 Nb5 52. Bxd8 Kxd8 53. Kxg5 Nc3 54. f6 Nxe4+ 55. Kg6 Ng3 56.
f7 Ke7 57. Nd7 1-0

[Event "24th Open"]
[Site "Pula CRO"]
[Date "2010.06.22"]
[Round "4"]
[White "Nordenbaek,J"]
[Black "Rukavina,J"]
[Result "1/2-1/2"]
[WhiteElo "2215"]
[BlackElo "2397"]
[EventDate "2010.06.19"]

1. Nf3 g6 2. d4 Bg7 3. g3 Nf6 4. Bg2 O-O 5. O-O d6 6. c4 c6 7. Nc3 Qa5 8.
e4 e5 9. h3 Be6 10. d5 cxd5 11. cxd5 Bd7 12. a3 Rc8 13. Be3 Qd8 14. Nd2 Na6
15. Re1 Nc5 16. Bf1 Qf8 17. Rc1 Bh6 18. b4 Bxe3 19. Rxe3 Na6 20. Nb5
1/2-1/2

[Event "24th Open"]
[Site "Pula CRO"]
[Date "2010.06.22"]
[Round "4"]
[White "Bukal,V jr"]
[Black "Nol,A"]
[Result "1-0"]
[WhiteElo "2388"]
[BlackElo "2197"]
[EventDate "2010.06.19"]

1. d4 f5 2. g3 Nf6 3. Bg2 e6 4. c4 d5 5. Nh3 c6 6. O-O Be7 7. b3 O-O 8. Bb2
Qe8 9. Nd2 Nh5 10. e3 g5 11. f3 h6 12. Qe2 Qf7 13. e4 Nf6 14. Nf2 Na6 15.
Rae1 Re8 16. Nd3 Kh7 17. Ne5 Qg8 18. Qd3 Kh8 19. a3 Nc7 20. exf5 exf5 21.
Bh3 Qh7 22. Rf2 g4 23. fxg4 fxg4 24. Bf1 Qxd3 25. Bxd3 Kg7 26. Nf1 Be6 27.
Ne3 Nh7 28. Nf5+ Bxf5 29. Bxf5 Nf6 30. Bxg4 Nxg4 31. Nxg4 Bg5 32. Ne5 Rf8
33. h4 Rxf2 34. Kxf2 Bf6 35. Ng4 h5 36. Nxf6 Kxf6 37. Re5 Rh8 38. Bc1 Rh7
39. Bg5+ Kg6 40. Bd8 Rd7 41. Bxc7 Rxc7 42. Rg5+ Kh6 43. Ke3 dxc4 44. bxc4
Re7+ 45. Kf4 Re1 46. d5 cxd5 47. cxd5 Rd1 48. Ke5 b5 49. d6 a5 50. Ke6 Re1+
51. Re5 1-0

[Event "24th Open"]
[Site "Pula CRO"]
[Date "2010.06.22"]
[Round "4"]
[White "Lizak,P"]
[Black "Valenti,G"]
[Result "0-1"]
[WhiteElo "2335"]
[BlackElo "2128"]
[EventDate "2010.06.19"]

1. Nf3 d5 2. c4 e6 3. d4 Nf6 4. Nc3 Bb4 5. Qa4+ Nc6 6. Ne5 Bd7 7. Nxc6
Bxc3+ 8. bxc3 Bxc6 9. Qb3 Ne4 10. Be3 O-O 11. cxd5 exd5 12. f3 Nd6 13. Bf2
Re8 14. e3 b5 15. Bd3 Qg5 16. O-O Rxe3 17. Qc2 Rxf3 18. h4 Qg4 19. Be2 Rxf2
20. Rxf2 Qxh4 21. Bd3 Ne4 22. Bxe4 dxe4 23. Qd2 Re8 24. Re1 Bd5 25. Re3 Qg4
26. Rh3 f5 27. Qe3 Rf8 28. Rg3 Qh4 29. Rh3 Qf6 30. Qf4 c6 31. Rh5 g6 32.
Rh6 Qe7 33. Rh3 g5 34. Rg3 h6 35. Qc1 Kh7 36. Qd1 e3 37. Re2 f4 38. Rh3 g4
39. Rh5 f3 40. Qd3+ Kg7 41. Rxe3 f2+ 42. Kf1 Qxe3 0-1

[Event "24th Open"]
[Site "Pula CRO"]
[Date "2010.06.22"]
[Round "4"]
[White "Drazic,S"]
[Black "Berke,A"]
[Result "1/2-1/2"]
[WhiteElo "2531"]
[BlackElo "2140"]
[EventDate "2010.06.19"]

1. b3 Nf6 2. Bb2 d5 3. e3 c5 4. Nf3 Nc6 5. Bb5 Bg4 6. h3 Bxf3 7. Bxc6+ bxc6
8. Qxf3 e6 9. g4 Nd7 10. c4 Qc7 11. Nc3 Rb8 12. d3 Be7 13. Ne2 O-O 14. Ng3
Bf6 15. Bxf6 Nxf6 16. O-O a5 17. Rfc1 a4 18. bxa4 Rb4 19. Rc2 Rxa4 20. Rb1
h6 21. Kg2 Rfa8 22. Qe2 Qa7 23. h4 Ne8 24. g5 hxg5 25. hxg5 Rxa2 26. Rxa2
Qxa2 27. Rb2 Qa7 28. Qh5 Rb8 29. Rc2 Qa3 30. g6 fxg6 31. Qxg6 Nf6 32. d4
Rb2 33. cxd5 Rxc2 34. Qxc2 Nxd5 35. Qxc5 Qxc5 36. dxc5 Nc3 37. Kf3 Kf7 38.
Kf4 Kf6 39. Ne4+ Nxe4 40. Kxe4 e5 41. Kf3 Kf5 42. e4+ Kg5 43. Kg3 Kh5 44.
Kh3 Kg5 45. Kg3 Kh5 46. Kh3 1/2-1/2

[Event "24th Open"]
[Site "Pula CRO"]
[Date "2010.06.22"]
[Round "4"]
[White "Lazar,Ales ST"]
[Black "Likavsky,T"]
[Result "1-0"]
[WhiteElo "2115"]
[BlackElo "2473"]
[EventDate "2010.06.19"]

1. e4 c5 2. Nc3 Nc6 3. f4 e6 4. Nf3 d5 5. Bb5 Nf6 6. d3 Be7 7. e5 Nd7 8.
Bxc6 bxc6 9. O-O O-O 10. Ne2 Nb6 11. Ng3 d4 12. Ne4 f5 13. exf6 gxf6 14. b3
Nd5 15. Qe2 Kh8 16. Kh1 Rg8 17. Bd2 Qf8 18. Rae1 Bd7 19. c4 dxc3 20. Nxc3
Qg7 21. Ne4 Rab8 22. Bc1 a5 23. g3 h6 24. Bb2 Qg4 25. Nc3 Qh3 26. f5 Qxf5
27. Ne5 Qxe5 28. Qxe5 fxe5 29. Nxd5 Bd6 30. Rxe5 cxd5 31. Rxe6+ d4 32.
Rxh6+ Kg7 33. Rxd6 Bh3 34. Rc1 Rbe8 35. Bxd4+ Kh7 36. Bxc5 Re2 37. Bd4 Rge8
38. Rc7+ R8e7 39. Rxe7+ Rxe7 40. Kg1 Re2 41. a3 Rg2+ 42. Kf1 Ra2+ 43. Ke1
Rxa3 44. Rb6 a4 45. bxa4 Rxa4 46. Bb2 Ra7 47. Kd2 Rf7 48. Bf6 Kg6 49. Be5+
Kf5 50. Bf4 Ra7 51. Rb5+ Kg4 52. d4 Kf3 53. d5 Ra2+ 54. Kc3 Rxh2 55. d6 Bd7
56. Rb7 Rh7 57. Kd4 Kg4 58. Ke5 Rh5+ 59. Kf6 Bc6 60. Rg7+ Kf3 61. Rc7 Ba4
62. d7 Rd5 63. Ke7 1-0

[Event "24th Open"]
[Site "Pula CRO"]
[Date "2010.06.22"]
[Round "4"]
[White "Havas,Ja"]
[Black "Franic,M"]
[Result "0-1"]
[WhiteElo "2103"]
[BlackElo "2390"]
[EventDate "2010.06.19"]

1. d4 e6 2. Nf3 f5 3. g3 Nf6 4. Bg2 d5 5. O-O Bd6 6. b3 Qe7 7. c4 c6 8. Bb2
O-O 9. Ne5 b6 10. Nd2 Bb7 11. Rc1 a5 12. cxd5 exd5 13. Ndf3 Ne4 14. Rc2 c5
15. Qc1 Na6 16. dxc5 bxc5 17. a3 Rab8 18. Rd1 Ba8 19. Rd3 Rfe8 20. Bh3 Qe6
21. Qf4 g6 22. Qh6 Bf8 23. Qf4 Bg7 24. g4 d4 25. Nc4 fxg4 26. Bxg4 Qe7 27.
Qc1 Rf8 28. Bh3 Nc7 29. Qe1 Nd5 30. Bc1 a4 31. bxa4 Rb1 32. Nfd2 Nf4 33.
Nxb1 Nxh3+ 34. Kf1 Nexf2 35. Bg5 Qe6 36. Nbd2 Nxd3+ 0-1

[Event "24th Open"]
[Site "Pula CRO"]
[Date "2010.06.22"]
[Round "4"]
[White "Bellia,F"]
[Black "Adamantidis,P"]
[Result "1-0"]
[WhiteElo "2373"]
[BlackElo "2097"]
[EventDate "2010.06.19"]

1. e4 c5 2. Nf3 d6 3. d4 cxd4 4. Nxd4 Nf6 5. Nc3 g6 6. Be3 Bg7 7. f3 Nc6 8.
Qd2 O-O 9. O-O-O Nxd4 10. Bxd4 Be6 11. Kb1 Qc7 12. Nd5 Bxd5 13. exd5 Rfc8
14. Rc1 Qd7 15. g4 b5 16. h4 Qb7 17. c4 bxc4 18. Bxc4 Rc7 19. h5 Rac8 20.
Qd3 Qb4 21. b3 a5 22. hxg6 fxg6 23. g5 Nh5 24. Bxg7 Nxg7 25. f4 a4 26. Kb2
axb3 27. axb3 Ra7 28. Ra1 Rac7 29. Ra4 Qb6 30. Ka1 Ra7 31. Bb5 Rxa4+ 32.
bxa4 Qf2 33. Rf1 Qc5 34. Bc6 Nf5 35. Bd7 Ra8 36. Bc6 Rb8 37. Rb1 Rxb1+ 38.
Kxb1 Nd4 39. Bb5 Qb4+ 40. Ka2 Kf8 41. Bd7 1-0

[Event "24th Open"]
[Site "Pula CRO"]
[Date "2010.06.22"]
[Round "4"]
[White "Fattorich,I"]
[Black "Molnar,Be"]
[Result "0-1"]
[WhiteElo "2096"]
[BlackElo "2340"]
[EventDate "2010.06.19"]

1. d4 e6 2. Nf3 c5 3. d5 exd5 4. Qxd5 Nf6 5. Qd3 d5 6. Nc3 Be7 7. Bf4 Nc6
8. a3 h6 9. e3 O-O 10. Be2 Be6 11. O-O Qd7 12. Rad1 Rfd8 13. Ne5 Nxe5 14.
Bxe5 Rac8 15. Bf3 Ng4 16. Bg3 Nf6 17. Rfe1 Bf5 18. e4 dxe4 19. Qxd7 Bxd7
20. Nxe4 Bc6 21. Nd2 Bxf3 22. Nxf3 Kf8 23. Kf1 Rxd1 24. Rxd1 Rd8 25. Rxd8+
Bxd8 26. Bd6+ Be7 27. Bxe7+ Kxe7 28. Ke2 Ke6 29. Nd2 Kd5 30. f3 b5 31. Ke3
a5 32. Kd3 c4+ 33. Ke3 g5 34. g4 Ke5 35. a4 Nd5+ 36. Kf2 c3 37. bxc3 bxa4
38. Nc4+ Ke6 39. Nxa5 Nxc3 40. Ke3 a3 41. Nb3 Ke5 42. Kd3 Na4 43. Ke3 a2
44. c4 Nc5 45. Na1 f6 46. h3 Ne6 47. Nc2 Nd4 48. Na1 f5 49. gxf5 Nxf5+ 50.
Kd3 Kf4 51. c5 Ne7 52. Kd4 h5 53. Nb3 h4 54. Na1 Kxf3 55. Ke5 g4 56. Kd6
Nc8+ 57. Kc7 gxh3 0-1

[Event "24th Open"]
[Site "Pula CRO"]
[Date "2010.06.22"]
[Round "4"]
[White "Sandhu,M"]
[Black "Klem,D"]
[Result "1-0"]
[WhiteElo "2324"]
[BlackElo "2097"]
[EventDate "2010.06.19"]

1. Nf3 Nc6 2. c4 e5 3. d3 f5 4. Nc3 Nf6 5. g3 Bc5 6. Bg2 d6 7. O-O a6 8.
Nd5 h6 9. e3 O-O 10. d4 Ba7 11. dxe5 dxe5 12. Nxf6+ Qxf6 13. Bd2 e4 14. Bc3
Qe6 15. Nd2 Ne5 16. Qb3 Nd3 17. Rfd1 Bb6 18. Nf1 Nc5 19. Qc2 Qxc4 20. b3
Qb5 21. Nd2 Be6 22. Bf1 Nd3 23. a4 Qd7 24. a5 Ba7 25. b4 Qf7 26. Bxd3 exd3
27. Qxd3 Rad8 28. Qe2 Bd5 29. Rac1 Rfe8 30. Nf3 f4 31. Ne5 Qf5 32. exf4 c6
33. Qd3 Qh3 34. Qf1 Qf5 35. h3 g5 36. Ng4 Kh7 37. Qd3 Qxd3 38. Rxd3 Re2 39.
fxg5 hxg5 40. Re1 Rxe1+ 41. Bxe1 Kg6 42. Bc3 Re8 43. Ne5+ Kf5 44. g4+ Kf4
45. Ng6+ Ke4 46. Rd1 Kf3 47. Ne5+ Kf4 48. Re1 Re6 49. Bd2+ Be3 50. Rxe3
Rxe5 51. Re1+ 1-0

[Event "24th Open"]
[Site "Pula CRO"]
[Date "2010.06.22"]
[Round "4"]
[White "Doric,N"]
[Black "Bazaj Bockai,S"]
[Result "1-0"]
[WhiteElo "2320"]
[BlackElo "2086"]
[EventDate "2010.06.19"]

1. d4 d5 2. c4 e6 3. Nc3 Nf6 4. cxd5 exd5 5. Bg5 Be7 6. e3 h6 7. Bh4 c6 8.
Bd3 Ne4 9. Bxe7 Qxe7 10. Nge2 Nxc3 11. bxc3 Nd7 12. O-O Nf6 13. Ng3 O-O 14.
Qc2 Ng4 15. h3 Nf6 16. Rae1 Re8 17. f3 Qc7 18. Qf2 Bd7 19. e4 Rac8 20. e5
Nh7 21. Nh5 Kh8 22. f4 g6 23. Ng3 Rg8 24. f5 gxf5 25. Nxf5 Bxf5 26. Bxf5
Rcf8 27. Qh4 Rg7 28. Qxh6 Rfg8 29. Bxh7 Rxh7 30. Qf6+ Rgg7 31. Rf3 Qc8 32.
Ref1 Qg8 33. Rg3 c5 34. Rf5 cxd4 35. cxd4 b5 36. Rfg5 b4 37. R3g4 Qf8 38.
e6 1-0

[Event "24th Open"]
[Site "Pula CRO"]
[Date "2010.06.22"]
[Round "5"]
[White "Barle,J"]
[Black "Kovacevic,A"]
[Result "0-1"]
[WhiteElo "2404"]
[BlackElo "2573"]
[EventDate "2010.06.19"]

1. e4 c5 2. Ne2 Nc6 3. Nbc3 g6 4. g3 Bg7 5. Bg2 d6 6. O-O e6 7. d3 Nge7 8.
Be3 Nd4 9. f4 O-O 10. Bf2 Nec6 11. Rb1 Rb8 12. Nxd4 cxd4 13. Ne2 e5 14. h3
Be6 15. c4 b5 16. f5 Bd7 17. g4 Bh6 18. h4 f6 19. Ng3 g5 20. h5 Be8 21. Be1
Bf7 22. b3 Qb6 23. Rc1 Rfc8 24. Kh1 Bf8 25. Rf2 Be7 26. Rfc2 Bd8 27. Ne2
Qa6 28. Rb1 Ba5 29. Nc1 Bb4 30. Bxb4 Nxb4 31. Rcb2 Qa3 32. Bf1 Rc5 33. Qd2
Rc6 34. Be2 h6 35. Kg1 Rcb6 36. Kf2 Na6 37. Rc2 Nb4 38. Rcb2 Kg7 39. Kg2
Be8 40. Kf2 Bc6 41. Bf3 R8b7 42. Qe2 Kf7 43. Kg2 Ke7 44. Kf2 Kd7 45. Kg2
Na6 46. Kf2 Nc5 47. Qc2 Qb4 48. a3 Qc3 49. cxb5 Bxb5 50. Be2 Qxc2 51. Rxc2
Ba4 52. Bd1 Bxb3 53. Nxb3 Nxd3+ 54. Ke2 Rxb3 55. Rxb3 Rxb3 56. Ra2 Nc1+ 57.
Kd2 Nxa2 58. Bxb3 Nc3 59. Bc4 Kc6 60. Bd3 0-1